[Event "Senta op-B 17th"]
[Site "Senta"]
[Date "2013.07.19"]
[Round "8"]
[White "Sedlak, Ivan"]
[Black "Dinic, Nenad"]
[Result "1-0"]
[WhiteElo "2124"]
[BlackElo "2011"]
[PlyCount "93"]
[EventDate "2013.07.13"]
[EventType "swiss"]
[EventRounds "9"]
[EventCountry "SRB"]
[SourceTitle "EXT 2014"]
[Source "ChessBase"]
[SourceDate "2013.11.20"]
[SourceVersion "1"]
[SourceVersionDate "2013.11.20"]
[SourceQuality "1"]

1. e4 c5 2. Nf3 Nf6 3. Nc3 Nc6 4. Bb5 a6 5. Bxc6 bxc6 6. e5 Nd5 7. Ne4 d6 8. c4 Nf4 9. 0-0 Bg4 10. d4 dxe5 11. Nxc5 e6 12. h3 Bh5 13. Nb3 Qc7 14. dxe5 Rd8 15. Nbd4 Bc5 16. Bxf4 Rxd4 17. Qc1 Bxf3 18. gxf3 Rd3 19. Kg2 0-0 20. Qc2 Rd7 21. Rad1 Bd4 22. Bg3 c5 23. Rfe1 Qb7 24. b3 f5 25. exf6 Rxf6 26. Qe4 Qc8 27. h4 Rdf7 28. Rd3 Rg6 29. b4 e5 30. bxc5 Qxc5 31. Qa8+ Rf8 32. Qd5+ Qxd5 33. cxd5 Rd8 34. f4 exf4 35. Rxd4 fxg3 36. fxg3 Rgd6 37. Re5 g6 38. Kf3 R8d7 39. Ke4 Kf7 40. g4 Rb7 41. Rc4 Rdd7 42. Rc6 Rb4+ 43. Kf3 a5 44. d6 Rd4 45. Rxa5 h5 46. gxh5 Rxh4 47. Rc7 1-0

[Event "Senta op-B 17th"]
[Site "Senta"]
[Date "2013.07.14"]
[Round "3"]
[White "Pavkov, Nebojsa"]
[Black "Sedlak, Ivan"]
[Result "1/2-1/2"]
[WhiteElo "1954"]
[BlackElo "2124"]
[PlyCount "116"]
[EventDate "2013.07.13"]
[EventType "swiss"]
[EventRounds "9"]
[EventCountry "SRB"]
[SourceTitle "EXT 2014"]
[Source "ChessBase"]
[SourceDate "2013.11.20"]
[SourceVersion "1"]
[SourceVersionDate "2013.11.20"]
[SourceQuality "1"]

1. d4 Nf6 2. Bg5 d5 3. Nf3 e6 4. e3 c5 5. c3 Nc6 6. Nbd2 h6 7. Bh4 cxd4 8. exd4 Be7 9. Bd3 0-0 10. 0-0 Nh5 11. Bg3 Nxg3 12. hxg3 Bd6 13. Re1 f5 14. c4 Qf6 15. cxd5 exd5 16. Qb3 Qf7 17. Ne5 Bxe5 18. dxe5 Be6 19. f4 Rac8 20. Nf3 Qe7 21. Rac1 Kh8 22. Nh4 Kh7 23. Qa4 a6 24. a3 Qc7 25. g4 Qb6+ 26. Kf1 g6 27. gxf5 gxf5 28. g4 Ne7 29. gxf5 Rxc1 30. f6+ Kg8 31. Rxc1 Bh3+ 32. Ke2 Nc6 33. Kf3 h5 34. Re1 Qxb2 35. Rg1+ Bg4+ 36. Rxg4+ hxg4+ 37. Kxg4 Qd2 38. Bf5 Kf7 39. Qc2 Qxc2 40. Bxc2 Rg8+ 41. Kh5 d4 42. Bb3+ Kf8 43. Bxg8 Kxg8 44. Kg6 d3 45. Nf3 Kf8 46. e6 Nd4 47. e7+ Ke8 48. Kg7 Nf5+ 49. Kg8 Nh6+ 50. Kh7 Nf5 51. a4 b5 52. axb5 axb5 53. Nd2 Kf7 54. Ne4 b4 55. e8Q+ Kxe8 56. Kg6 Nh4+ 57. Kg5 Nf3+ 58. Kg6 Nh4+ 1/2-1/2

[Event "Subotica-ch"]
[Site "Subotica"]
[Date "2013.05.29"]
[Round "8"]
[White "Sedlak, Ivan"]
[Black "Bicskei, Mihaly"]
[Result "1/2-1/2"]
[WhiteElo "2128"]
[BlackElo "1880"]
[PlyCount "141"]
[EventDate "2013.05.13"]
[EventType "swiss"]
[EventRounds "9"]
[EventCountry "SRB"]
[SourceTitle "CBM 154 Extra"]
[Source "ChessBase"]
[SourceDate "2013.06.25"]
[SourceVersion "2"]
[SourceVersionDate "2013.06.25"]
[SourceQuality "1"]

1. e4 e5 2. Nf3 Nc6 3. Bb5 f5 4. d3 fxe4 5. dxe4 Nf6 6. Bg5 d6 7. 0-0 Be6 8. Qe2 Be7 9. Nbd2 0-0 10. Bc4 Qd7 11. Rfe1 Kh8 12. c3 a6 13. Rad1 b5 14. Bd5 Nxd5 15. exd5 Bxd5 16. Ne4 Bxa2 17. Qc2 Qe6 18. Bxe7 Nxe7 19. Nfg5 Bb3 20. Qb1 Qg6 21. Rd3 Nf5 22. Rh3 h6 23. Qc1 Kg8 24. Nf3 Rae8 25. Qd2 Bc4 26. b4 d5 27. Nc5 e4 28. Nd4 Nxd4 29. Qxd4 Qf6 30. Qxf6 Rxf6 31. Ra1 Ra8 32. Re3 Raf8 33. f3 exf3 34. gxf3 Rxf3 35. Rae1 Rf1+ 36. Rxf1 Rxf1+ 37. Kg2 Rd1 38. Nxa6 d4 39. cxd4 Rxd4 40. Nxc7 Rd7 41. Na6 Ra7 42. Nc5 Ra2+ 43. Kg3 Rb2 44. Na6 Kf7 45. Re5 Kf6 46. Rc5 Ra2 47. Nc7 Ra4 48. Nxb5 Rxb4 49. Nc7 Rb3+ 50. Kg2 Bd3 51. Kf2 Be4 52. Ne8+ Kg6 53. Rc7 Rb7 54. Rxb7 Bxb7 55. Nd6 Bd5 56. Kg3 Kf6 57. Ne8+ Kf7 58. Nd6+ Ke6 59. Ne8 Kf7 60. Nd6+ Kg6 61. h4 Bc6 62. Nc4 Kf5 63. Ne3+ Ke4 64. Nc4 Bd7 65. Nd2+ Kf5 66. Nb3 g5 67. hxg5 Kxg5 68. Nd4 Bg4 69. Nf3+ Kh5 70. Ne5 Be6 71. Nf3 1/2-1/2

[Event "Subotica-ch"]
[Site "Subotica"]
[Date "2013.05.27"]
[Round "7"]
[White "Nadj Hedjesi, Balind"]
[Black "Sedlak, Ivan"]
[Result "1-0"]
[WhiteElo "2388"]
[BlackElo "2128"]
[PlyCount "53"]
[EventDate "2013.05.13"]
[EventType "swiss"]
[EventRounds "9"]
[EventCountry "SRB"]
[SourceTitle "CBM 154 Extra"]
[Source "ChessBase"]
[SourceDate "2013.06.25"]
[SourceVersion "2"]
[SourceVersionDate "2013.06.25"]
[SourceQuality "1"]

1. e4 e6 2. d4 d5 3. Nc3 Nf6 4. Bg5 Be7 5. e5 Nfd7 6. Bxe7 Qxe7 7. f4 a6 8. Nf3 c5 9. Qd2 Nc6 10. 0-0-0 c4 11. g4 b5 12. f5 Nb6 13. Qf4 g6 14. fxg6 hxg6 15. Be2 Bd7 16. Rdf1 b4 17. Nd1 0-0-0 18. c3 Na4 19. Kb1 bxc3 20. Nxc3 Qb4 21. Nxa4 Qxa4 22. Qe3 Kc7 23. Bd1 Qb5 24. Ng5 Rb8 25. Qc3 Qb6 26. Rxf7 Nxd4 27. Qxd4 1-0

[Event "Subotica-ch"]
[Site "Subotica"]
[Date "2013.05.22"]
[Round "5"]
[White "Sedlak, Ivan"]
[Black "Scepanovic, Labud"]
[Result "1/2-1/2"]
[WhiteElo "2128"]
[BlackElo "2186"]
[PlyCount "26"]
[EventDate "2013.05.13"]
[EventType "swiss"]
[EventRounds "9"]
[EventCountry "SRB"]
[SourceTitle "CBM 154 Extra"]
[Source "ChessBase"]
[SourceDate "2013.06.25"]
[SourceVersion "2"]
[SourceVersionDate "2013.06.25"]
[SourceQuality "1"]

1. e4 g6 2. d4 Bg7 3. Nc3 c5 4. Be3 Qa5 5. Qd2 cxd4 6. Bxd4 Bxd4 7. Qxd4 Nf6 8. 0-0-0 Nc6 9. Qd2 d6 10. Nf3 0-0 11. Bc4 Bg4 12. Rde1 Bxf3 13. gxf3 Ne5 1/2-1/2

[Event "Subotica Autumn op"]
[Site "Subotica"]
[Date "2012.12.22"]
[Round "8"]
[White "Sedlak, Ivan"]
[Black "Vucelic, Rade"]
[Result "1-0"]
[WhiteElo "2095"]
[BlackElo "1983"]
[PlyCount "71"]
[EventDate "2012.12.14"]
[EventType "swiss"]
[EventRounds "9"]
[EventCountry "SRB"]
[SourceTitle "EXT 2014"]
[Source "ChessBase"]
[SourceDate "2013.11.20"]
[SourceVersion "1"]
[SourceVersionDate "2013.11.20"]
[SourceQuality "1"]

1. e4 e6 2. d4 d5 3. Nc3 Nf6 4. e5 Nfd7 5. f4 c5 6. Nf3 Nc6 7. Be3 Qb6 8. Qd2 cxd4 9. Nxd4 Nxd4 10. Bxd4 Qa5 11. 0-0-0 a6 12. Kb1 b5 13. Qe3 Bb7 14. f5 b4 15. fxe6 fxe6 16. Ne2 0-0-0 17. Nf4 Re8 18. Qh3 Bc5 19. Nxe6 Rxe6 20. Qxe6 Bxd4 21. Rxd4 b3 22. axb3 Qe1+ 23. Ka2 Qxe5 24. Qxe5 Nxe5 25. Bd3 g6 26. Rf1 Kc7 27. Rf6 Rd8 28. g3 Rd6 29. Rxd6 Kxd6 30. Be2 Kc5 31. Ra4 Nc6 32. c3 a5 33. Rh4 h5 34. Rf4 Bc8 35. Rf6 Bf5 36. Bxh5 1-0

[Event "Subotica Autumn op"]
[Site "Subotica"]
[Date "2012.12.16"]
[Round "3"]
[White "Rajic, Ivan"]
[Black "Sedlak, Ivan"]
[Result "0-1"]
[WhiteElo "2013"]
[BlackElo "2095"]
[PlyCount "54"]
[EventDate "2012.12.14"]
[EventType "swiss"]
[EventRounds "9"]
[EventCountry "SRB"]
[SourceTitle "EXT 2014"]
[Source "ChessBase"]
[SourceDate "2013.11.20"]
[SourceVersion "1"]
[SourceVersionDate "2013.11.20"]
[SourceQuality "1"]

1. e4 e6 2. d4 d5 3. Nc3 Nf6 4. Bg5 Bb4 5. e5 h6 6. exf6 hxg5 7. fxg7 Rg8 8. h4 gxh4 9. Qh5 Qf6 10. Nf3 Qxg7 11. Rxh4 c5 12. a3 Ba5 13. Ne5 cxd4 14. Rxd4 Qf6 15. g3 Rg5 16. Bb5+ Ke7 17. Qxf7+ Qxf7 18. Nxf7 Kxf7 19. b4 Bc7 20. Rh4 Rxg3 21. Rh8 Rg8 22. Rh7+ Rg7 23. Rh8 Nc6 24. 0-0-0 Rb8 25. Be2 Bd7 26. Bh5+ Ke7 27. Rh6 Bf4+ 0-1

[Event "Senta op-B 16th"]
[Site "Senta"]
[Date "2012.07.16"]
[Round "4"]
[White "Sedlak, Ivan"]
[Black "Korponai, Akos"]
[Result "1-0"]
[WhiteElo "2132"]
[BlackElo "1709"]
[PlyCount "85"]
[EventDate "2012.07.14"]
[EventType "swiss"]
[EventRounds "9"]
[EventCountry "SRB"]
[SourceTitle "CBM 149 Extra"]
[Source "ChessBase"]
[SourceDate "2012.08.24"]
[SourceVersion "1"]
[SourceVersionDate "2012.08.24"]
[SourceQuality "1"]

1. e4 e5 2. Nf3 Nc6 3. Bb5 a6 4. Ba4 Nf6 5. d3 b5 6. Bb3 Be7 7. 0-0 0-0 8. Re1 d6 9. a4 Bb7 10. Nbd2 Na5 11. Ba2 c5 12. c3 Nd7 13. Nf1 Qc7 14. Bg5 Bxg5 15. Nxg5 h6 16. Nf3 Kh8 17. Ne3 Nb6 18. b4 cxb4 19. cxb4 Nc6 20. a5 Nc8 21. Nd5 Qd8 22. d4 f6 23. Qd2 N6e7 24. Nh4 Rb8 25. Qd3 Bc6 26. Rac1 Rb7 27. Ng6+ Nxg6 28. Rxc6 Ra7 29. Rec1 Nge7 30. R6c3 Nxd5 31. Bxd5 Ne7 32. Be6 Qb8 33. h4 Qe8 34. d5 Qb8 35. Qe3 Rb7 36. h5 Qd8 37. Qh3 Qb8 38. Qg4 Qa7 39. Bc8 Nxc8 40. Rxc8 Rbf7 41. Qe6 Qb7 42. Rxf8+ Rxf8 43. Qxd6 1-0

[Event "Senta op-B 16th"]
[Site "Senta"]
[Date "2012.07.14"]
[Round "1"]
[White "Holobica, Laszlo"]
[Black "Sedlak, Ivan"]
[Result "0-1"]
[WhiteElo "1678"]
[BlackElo "2132"]
[PlyCount "62"]
[EventDate "2012.07.14"]
[EventType "swiss"]
[EventRounds "9"]
[EventCountry "SRB"]
[SourceTitle "CBM 149 Extra"]
[Source "ChessBase"]
[SourceDate "2012.08.24"]
[SourceVersion "1"]
[SourceVersionDate "2012.08.24"]
[SourceQuality "1"]

1. e4 e6 2. d4 d5 3. exd5 Qxd5 4. Nf3 Nf6 5. Nc3 Qd8 6. Bc4 Be7 7. 0-0 0-0 8. h3 Nbd7 9. a3 a6 10. Bg5 b5 11. Ba2 Bb7 12. Qe2 c5 13. dxc5 Nxc5 14. Rad1 Qc7 15. Rfe1 Rac8 16. Nd4 h6 17. Bh4 Rfd8 18. Bg3 Qb6 19. Nf5 Bf8 20. Ne3 Nce4 21. Nxe4 Nxe4 22. Be5 Qc5 23. Bh2 Qg5 24. Rxd8 Rxd8 25. Rd1 Rxd1+ 26. Qxd1 Bc5 27. Qe2 Bb6 28. Bb1 f5 29. f4 Qg6 30. c3 Bxe3+ 31. Kf1 Ng3+ 0-1

[Event "Subotica-ch"]
[Site "Subotica"]
[Date "2012.05.18"]
[Round "6"]
[White "Sedlak, Ivan"]
[Black "Vranic, Ljubomir"]
[Result "1-0"]
[WhiteElo "2115"]
[BlackElo "2196"]
[PlyCount "108"]
[EventDate "2012.05.07"]
[EventType "swiss"]
[EventRounds "9"]
[EventCountry "SRB"]
[SourceTitle "CBM 148 Extra"]
[Source "ChessBase"]
[SourceDate "2012.06.22"]
[SourceVersion "1"]
[SourceVersionDate "2012.06.22"]
[SourceQuality "1"]

1. e4 d6 2. d4 Nf6 3. Nc3 Nbd7 4. Nf3 e5 5. Bc4 Be7 6. 0-0 0-0 7. h3 c6 8. Bb3 a6 9. a4 a5 10. Re1 exd4 11. Nxd4 Nc5 12. Ba2 Re8 13. Qf3 Bf8 14. Bg5 Ne6 15. Be3 Nxd4 16. Bxd4 Be6 17. Bxe6 Rxe6 18. Rad1 Nd7 19. Ne2 Qh4 20. Ng3 g6 21. Re2 Rae8 22. Qb3 b6 23. Red2 Rb8 24. c4 Qe7 25. f4 Nc5 26. Bxc5 dxc5 27. Rd7 Qf6 28. Qf3 b5 29. e5 Qh4 30. b3 bxa4 31. bxa4 Re7 32. Rd8 Reb7 33. Rxb8 Rxb8 34. Ne4 Be7 35. Kh2 Rb4 36. g3 Rb2+ 37. Nf2 Qh5 38. g4 Qh6 39. g5 Qf8 40. Kg1 Qc8 41. Ng4 Qe6 42. Qd3 h5 43. gxh6 Kh7 44. Qd7 Rb1 45. Kf2 Bh4+ 46. Ke3 Rxd1 47. Qxd1 Qxc4 48. Qd7 Qb3+ 49. Ke2 Qc2+ 50. Ke3 Qc1+ 51. Kf3 Qf1+ 52. Ke3 Qxh3+ 53. Ke2 Qg2+ 54. Ke3 Qd5 1-0

[Event "Subotica-ch"]
[Site "Subotica"]
[Date "2012.05.16"]
[Round "5"]
[White "Sedlak, Ivan"]
[Black "Bicskei, Mihaly"]
[Result "1-0"]
[WhiteElo "2115"]
[BlackElo "1865"]
[PlyCount "83"]
[EventDate "2012.05.07"]
[EventType "swiss"]
[EventRounds "9"]
[EventCountry "SRB"]
[SourceTitle "CBM 148 Extra"]
[Source "ChessBase"]
[SourceDate "2012.06.22"]
[SourceVersion "1"]
[SourceVersionDate "2012.06.22"]
[SourceQuality "1"]

1. e4 c6 2. d4 d5 3. e5 Bf5 4. Nf3 e6 5. Be3 Nd7 6. Nbd2 f6 7. Nb3 Bg4 8. exf6 Ngxf6 9. h3 Bh5 10. Be2 Bd6 11. 0-0 0-0 12. c4 Rc8 13. Nbd2 Qc7 14. Rc1 Bf4 15. Rc3 Rce8 16. Bxf4 Qxf4 17. Re3 Qc7 18. Ne5 Bxe2 19. Qxe2 dxc4 20. Nexc4 b5 21. Ne5 Qd6 22. Ndf3 Nd5 23. Ra3 Ra8 24. Rc1 Rfc8 25. Nxd7 Qxd7 26. Ne5 Qd6 27. Ra6 Nb6 28. Qe4 Rd8 29. Rxc6 Qd5 30. Qxd5 Nxd5 31. Rxe6 Nf4 32. Re7 Ne2+ 33. Kh2 Nxd4 34. Raxa7 Rxa7 35. Rxa7 Re8 36. Rd7 Ne6 37. Rb7 Nd4 38. Nf3 Nxf3+ 39. gxf3 Re5 40. f4 Re2 41. Rxb5 Rxf2+ 42. Kg3 1-0

[Event "Subotica-ch"]
[Site "Subotica"]
[Date "2012.05.09"]
[Round "2"]
[White "Arbutina, Dejan"]
[Black "Sedlak, Ivan"]
[Result "0-1"]
[WhiteElo "1991"]
[BlackElo "2115"]
[PlyCount "106"]
[EventDate "2012.05.07"]
[EventType "swiss"]
[EventRounds "9"]
[EventCountry "SRB"]
[SourceTitle "CBM 148 Extra"]
[Source "ChessBase"]
[SourceDate "2012.06.22"]
[SourceVersion "1"]
[SourceVersionDate "2012.06.22"]
[SourceQuality "1"]

1. d4 e6 2. Nf3 Nf6 3. Bg5 c5 4. e3 Be7 5. Bd3 Qb6 6. b3 Nc6 7. c3 d5 8. Nbd2 h6 9. Bh4 Bd7 10. h3 Rc8 11. Rc1 0-0 12. 0-0 Kh8 13. Re1 cxd4 14. exd4 Ng8 15. Bg3 f5 16. Ne5 Nxe5 17. Bxe5 Qa5 18. c4 Nf6 19. f3 Qxa2 20. Ra1 Qb2 21. Rxa7 Qc3 22. Bf1 Qb4 23. Qe2 Ra8 24. Rea1 Rxa7 25. Rxa7 Rc8 26. Qe3 Qb6 27. Ra2 Kg8 28. c5 Qb4 29. Ra7 Rxc5 30. Rxb7 Qxb7 31. dxc5 Qb4 32. Bd4 e5 33. Qxe5 Bxc5 34. Bxc5 Qxc5+ 35. Kh2 Qf2 36. Qe2 Qd4 37. Qd3 Qe5+ 38. g3 f4 39. g4 h5 40. Qe2 Qd4 41. g5 Nh7 42. h4 Nf8 43. Bh3 Qe3 44. Qg2 Bxh3 45. Kxh3 Ng6 46. b4 Qe1 47. Kh2 Nxh4 48. Qf1 Qxd2+ 49. Kh3 Nf5 50. Qa6 g6 51. Qxg6+ Ng7 52. Qd6 Qd3 53. g6 Qxf3+ 0-1

[Event "Subotica Autumn op"]
[Site "Subotica"]
[Date "2011.12.17"]
[Round "8"]
[White "Mester, Robert"]
[Black "Sedlak, Ivan"]
[Result "0-1"]
[WhiteElo "1953"]
[BlackElo "2122"]
[PlyCount "98"]
[EventDate "2011.12.03"]
[EventType "swiss"]
[EventRounds "9"]
[EventCountry "SRB"]
[SourceTitle "CBM 145 Extra"]
[Source "ChessBase"]
[SourceDate "2012.01.03"]
[SourceVersion "1"]
[SourceVersionDate "2012.01.03"]
[SourceQuality "1"]

1. e4 e6 2. d4 d5 3. e5 c5 4. c3 Qb6 5. Nf3 Bd7 6. dxc5 Bxc5 7. Qc2 Na6 8. Bd3 Rc8 9. 0-0 Ne7 10. Qe2 Ng6 11. h4 Be7 12. g3 Nc5 13. Be3 Qc7 14. Bxc5 Bxc5 15. Nbd2 f5 16. Nb3 h6 17. Nxc5 Qxc5 18. Nd4 0-0 19. Rac1 a6 20. Kg2 Qb6 21. f4 Rf7 22. Rc2 Rcf8 23. Qe3 Qd8 24. c4 Ne7 25. b4 Nc6 26. cxd5 Nxd4 27. Qxd4 Bc6 28. Rxc6 bxc6 29. d6 Qa8 30. Qc5 g5 31. hxg5 hxg5 32. Bc4 Qe8 33. fxg5 f4 34. Bxa6 f3+ 35. Kf2 Rf5 36. Qe3 Qh5 37. Ke1 Rxg5 38. Kd2 Rxe5 39. Qb6 Qg5+ 40. Kc2 c5 41. d7 cxb4 42. Bc4 Qe3 43. Qxe3 Rxe3 44. Kd2 Rc3 45. Bxe6+ Kg7 46. Bd5 Rd8 47. Be6 Kf6 48. Bg4 Ke7 49. Rxf3 Rxd7+ 0-1